Estatísticas para Capitais mundiais mais próximas de Cidade do Kuwait

Clique aqui para jogar o quiz

Estatísticas Gerais

  • Esse quiz foi jogado 22 vezes
  • A pontuação média é 14 de 20

Estatísticas das Respostas

kmcapital% Correto
557Bagdá
95%
838Abu Dhabi
90%
576Doha
90%
1190Jerusalém
90%
534Riade
90%
772Teerã
90%
1619Cairo
86%
1199Damasco
86%
1284Beirute
71%
1189Amã
67%
1809Ancara
67%
435Manama
62%
1607Saná
62%
1241Baku
57%
1244Erevan
57%
1402Tbilisi
52%
1515Nicosia
43%
1353Asgabate
38%
1818Asmara
38%
2044Djibouti
29%

Distribuição das Pontuações

Percentil de Números Respondidos

Porcentagem de Pessoas com Cada Pontuação

Sua Pontuação Histórica

Você não jogou esse quiz